000 01448nam a2200217 a 4500
001 000045632
005 20201002052345.0
008 150130s2013 dr ac 000 0 spa d
020 _a9789945121513 (v. 7)
020 _a9789945121520 (v. 8)
040 _aDO-SdBNP
_bspa
_cBNPHU
082 _axxxx
_bxxxx
245 0 0 _aMatemática :
_beducación básica /.
260 _aSanto Domingo :
_bSusaeta ediciones
_bMinisterio de Educación,
_c2013.
300 _a8 v. :
_bil., retrs. ;
_c28 cm.
500 _aeducación básica
500 _aEdición especial para el Ministerio de Educación
500 _aLa biblioteca solamente posee el volumen 7 y 8.
505 1 _av. 7 :
_gunidad 1 --
_tNúmeros enteros. Operaciones --
_gunidad 2 --
_tMúltiplos y divisores --
_gunidad 3 --
_tFracciones --
_gunidad 4 --
_tMagnitudes --
_gunidad 5 --
_tElementos geométricos --
_gunidad 6 --
_tPolígonos --
_gunidad 7 --
_tPoliedros --
_gunidad 8 --
_tEstadística --
_gunidad 9 --
_tProbabilidades --
505 1 _av. 8 :
_gunidad 1 --
_tProporcionalidad numérica --
_gunidad 2 --
_tNúmeros enteros, racionales, irracionales y reales --
_gunidad 3 --
_tPreálgebra. Uso de las letras --
_gunidad 4 --
_tEcuaciones e inecuaciones --
_gunidad 5 --
_tGeometría de coordenadas --
_gunidad 6 --
_tMagnitudes --
_gunidad 7 --
_tUnidades de superficie y de volumen de los cuerpos redondos --
_gunidad 8 --
_tRecolección, organización análisis de información --
_gunidad 9 --
_tProbabilidades --
999 _c45121
_d45121